000 00926nac a22002537a 4500
001 BR8706118
003 BR-BrBNA
005 20240105120556.0
008 230509b bl.|||m| |||| 00| 0 por d
040 _aBR-BrBNA
_bpor
_cBiblioteca Nacional de Agricultura
072 _aM01; E14
090 _aM01 BR8706118
110 1 _aAssociacao de Credito e Assistencia Pesqueira de Santa Catarina, Florianopolis (Brasil)
_9414
245 1 _aPlano anual de trabalho - 1984 [Associacao de Credito e Assistencia Pesqueira de Santa Catarina, Brasil]
260 3 _aFlorianopolis, SC (Brasil):
_c1985.
300 _a27 p.
490 _aPlano Anual de Trabalho - Associacao de Credito e Assistencia Pesqueira de Santa Catarina (Brazil)
_v
_x
650 _aPESCA
650 _aASSISTENCIA TECNICA
650 _aEXTENSAO RURAL
650 _aSANTA CATARINA
909 _a202312
_bLúcia Elande
_c55
_dLúcia Elande
942 _2AGRIS
_n0
_cMS
999 _c280249
_d280249